Ley procesal de familia/ (Registro nro. 8307)
[ vista simple ]
| 000 -LEADER | |
|---|---|
| fixed length control field | 00839nam a2200193Ia 4500 |
| 005 - FECHA Y HORA DE LA ÚLTIMA TRANSACCIÓN | |
| control field | 20241127171052.0 |
| 008 - FIXED-LENGTH DATA ELEMENTS--GENERAL INFORMATION | |
| fixed length control field | 230609s9999 xx 000 0 und d |
| 040 ## - CATALOGING SOURCE | |
| Original cataloging agency | UPAN |
| Transcribing agency | Biblioteca San Vicente |
| Description conventions | RCAA2 |
| 041 ## - LANGUAGE CODE | |
| Language code of text/sound track or separate title | spa |
| 082 ## - DEWEY DECIMAL CLASSIFICATION NUMBER | |
| Classification number | 348.022 |
| Item number | M539l |
| año de publicación | 1995 |
| 100 ## - MAIN ENTRY--PERSONAL NAME | |
| Personal name | Mendoza Orante, Ricardo |
| Relator code | ed. |
| 245 #0 - TITLE STATEMENT | |
| Title | Ley procesal de familia/ |
| Statement of responsibility, etc | Ricardo Mendoza Orantes |
| 250 ## - EDITION STATEMENT | |
| Edition statement | 2º ed. |
| 260 ## - PUBLICATION, DISTRIBUTION, ETC. (IMPRINT) | |
| Place of publication, distribution, etc | El Salvador: |
| Name of publisher, distributor, etc | Jurídica Salvadoreña, |
| Date of publication, distribution, etc | 1995 |
| 300 ## - PHYSICAL DESCRIPTION | |
| Extent | 58 p.; |
| Dimensions | 24 cm. |
| 505 ## - FORMATTED CONTENTS NOTE | |
| Formatted contents note | Titulo I: Sujetos procesales <br/>Titulo II: Actos Procesales<br/>Titulo III: Actividad procesal<br/>Titulo IV: Proceso de familia<br/>Titulo V: Diligencias de jurisdicción voluntaria<br/>Titulo VI: Jueces de paz<br/>Titulo VII: Disposiciones generales<br/>Titulo VIII: Disposiciones finales |
| 650 ## - SUBJECT ADDED ENTRY--TOPICAL TERM | |
| Source of heading or term | LEMB |
| General subdivision | Derecho de familia |
| Geographic subdivision | El Salvador |
| 942 ## - ADDED ENTRY ELEMENTS (KOHA) | |
| Koha item type | Libros |
| Source of classification or shelving scheme | Dewey Decimal Classification |
| Withdrawn status | Lost status | Source of classification or shelving scheme | Damaged status | Not for loan | Collection code | Home library | Current library | Date acquired | Total Checkouts | Full call number | Barcode | Date last seen | Copy number | Price effective from | Koha item type |
|---|---|---|---|---|---|---|---|---|---|---|---|---|---|---|---|
| Dewey Decimal Classification | Colección General | Biblioteca UPAN San Vicente | Biblioteca UPAN San Vicente | 09/06/2023 | 348.022 M539l | 12001023 | 09/06/2023 | 04 | 09/06/2023 | Libros | |||||
| Dewey Decimal Classification | Colección General | Biblioteca UPAN San Vicente | Biblioteca UPAN San Vicente | 14/06/2023 | 348.022 M539l | 12001021 | 14/06/2023 | 01 | 14/06/2023 | Libros | |||||
| Dewey Decimal Classification | Colección General | Biblioteca UPAN San Vicente | Biblioteca UPAN San Vicente | 14/06/2023 | 348.022 M539l | 12001022 | 14/06/2023 | 02 | 14/06/2023 | Libros | |||||
| Dewey Decimal Classification | Colección General | Biblioteca UPAN San Vicente | Biblioteca UPAN San Vicente | 14/06/2023 | 348.022 M539l | 12001024 | 14/06/2023 | 03 | 14/06/2023 | Libros |